Days of the Week in Europe - Extreme - Statistics

General Stats
  • This quiz has been taken 21 times
  • The average score is 43 of 126
Answer Stats
Day Language Answer % Correct
Fri English Friday
93%
Mon English Monday
93%
Sat English Saturday
93%
Sun English Sunday
93%
Thu English Thursday
93%
Tue English Tuesday
93%
Wed English Wednesday
93%
Fri German Freitag
79%
Wed German Mittwoch
71%
Mon German Montag
71%
Sun French Dimanche
64%
Thu German Donnerstag
64%
Thu French Jeudi
64%
Mon French Lundi
64%
Mon Spanish Lunes
64%
Tue French Mardi
64%
Tue Spanish Martes
64%
Wed French Mercredi
64%
Wed Spanish Miércoles
64%
Sat German Samstag
64%
Sun German Sonntag
64%
Fri French Vendredi
64%
Tue German Dienstag
57%
Sun Portuguese | Spanish Domingo
57%
Thu Spanish Jueves
57%
Sat Portuguese | Spanish Sábado
57%
Sat French Samedi
57%
Fri Spanish Viernes
57%
Sun Italian Domenica
43%
Mon Italian Lunedì
43%
Mon Swedish Måndag
43%
Mon Danish | Norwegian Mandag
43%
Wed Portuguese Quarta-feira
43%
Thu Portuguese Quinta-feira
43%
Mon Portuguese Segunda-feira
43%
Fri Portuguese Sexta-feira
43%
Tue Portuguese Terça-feira
43%
Fri Danish | Norwegian | Swedish Fredag
36%
Sat Swedish Lördag
36%
Sat Danish | Norwegian Lørdag
36%
Tue Italian Martedì
36%
Wed Danish | Norwegian | Swedish Onsdag
36%
Sat Italian Sabato
36%
Sun Swedish Söndag
36%
Sun Danish | Norwegian Søndag
36%
Tue Swedish Tisdag
36%
Thu Danish | Norwegian | Swedish Torsdag
36%
Thu Italian Giovedì
29%
Wed Italian Mercoledì
29%
Sat Czech | Polish Sobota
29%
Fri Italian Venerdì
29%
Thu Croatian Četvrtak
21%
Thu Hungarian Csütörtök
21%
Tue Dutch Dinsdag
21%
Mon Hungarian Hétfő
21%
Tue Hungarian Kedd
21%
Mon Dutch Maandag
21%
Mon Icelandic Mánudagur
21%
Sun Croatian Nedjelja
21%
Sun Polish Niedziela
21%
Fri Hungarian Péntek
21%
Fri Croatian Petak
21%
Mon Croatian Ponedjeljak
21%
Wed Croatian Srijeda
21%
Sat Croatian Subota
21%
Wed Hungarian Szerda
21%
Tue Danish | Norwegian Tirsdag
21%
Tue Croatian Utorak
21%
Wed Dutch Woensdag
21%
Tue Lithuanian Antradienis
14%
Thu Latvian Ceturtdiena
14%
Thu Czech Čtvrtek
14%
Thu Polish Czwartek
14%
Thu Dutch Donderdag
14%
Thu Icelandic Fimmtudagur
14%
Fri Icelandic Föstudagur
14%
Thu Lithuanian Ketvirtadienis
14%
Sat Icelandic Laugardagur
14%
Wed Icelandic Miðvikudagur
14%
Sun Czech Neděle
14%
Tue Latvian Otrdiena
14%
Fri Czech Pátek
14%
Fri Lithuanian Penktadienis
14%
Fri Polish Piątek
14%
Fri Latvian Piektdiena
14%
Mon Lithuanian Pirmadienis
14%
Mon Latvian Pirmdiena
14%
Mon Czech Pondělí
14%
Mon Polish Poniedziałek
14%
Sun Lithuanian Sekmadienis
14%
Sat Lithuanian Šeštadienis
14%
Sat Latvian Sestdiena
14%
Wed Polish Środa
14%
Wed Czech Středa
14%
Sun Icelandic Sunnudagur
14%
Sun Latvian Svētdiena
14%
Sat Hungarian Szombat
14%
Wed Lithuanian Trečiadienis
14%
Wed Latvian Trešdiena
14%
Tue Czech Úterý
14%
Sun Hungarian Vasárnap
14%
Fri Dutch Vrijdag
14%
Tue Polish Wtorek
14%
Sat Dutch Zaterdag
14%
Sun Dutch Zondag
14%
Mon Estonian Esmaspäev
7%
Wed Estonian Kolmapäev
7%
Sat Estonian Laupäev
7%
Thu Estonian Neljapäev
7%
Sun Estonian Pühapäev
7%
Fri Estonian Reede
7%
Tue Estonian Teisipäev
7%
Tue Icelandic Þriðjudagur
7%
No matching quizzes found
Score Distribution
Percent of People with Each Score
Percentile by Number Answered
Your Score History
You have not taken this quiz